| 000 | 00606nam a2200193 i 4500 | ||
|---|---|---|---|
| 001 | 46003 | ||
| 003 | ES-MaACL | ||
| 005 | 20250901034332.0 | ||
| 007 | t| | ||
| 008 | 030327s1966 sp ||||1| spa d | ||
| 245 | 0 | 0 |
_aComo perros acosados / _c[documentación reunida por Bernard Mark y ordenada por Ana F. Krakowsky ; versión de Angel Abad]. |
| 260 |
_aBarcelona : _bNova Terra, _c1966. |
||
| 300 |
_a252 p. ; _c19 cm. |
||
| 700 | 1 |
_aMark, Bernard. _976909 |
|
| 700 | 1 |
_aKrakowsky, Ana F. _968720 |
|
| 700 | 1 |
_aAbad, Ángel _917894 |
|
| 852 |
_aES-MaACL _jC-30442 _bR.60656 |
||
| 999 |
_c46003 _d46003 |
||